| 000 | 00762nam a2200241 a 4500 | ||
|---|---|---|---|
| 001 | 20322 | ||
| 003 | BD-RjUL | ||
| 005 | 20211209000541.0 | ||
| 008 | 140227r19551954nyu b 001 0 eng d | ||
| 035 | _a(BD-RjUL)20384 | ||
| 040 |
_aVCAV _beng _cVCAV _dBD-RjUL |
||
| 041 | _aeng | ||
| 082 | 0 | 4 |
_a943.08 _219 _bPIM 1955 |
| 100 | 1 |
_aPinson, Koppel S. _q(Koppel Shub), _d1904-1961. _962645 |
|
| 245 | 1 | 0 |
_aModern Germany : _bits history and civilization / _cKoppel S. Pinson. |
| 260 |
_aNew York : _bMacmillan, _cc1954 [Printing 1955]. |
||
| 300 |
_axv, 637 p. ; _c24 cm. |
||
| 504 | _aBibliography: p. 577-613. | ||
| 504 | _aIncludes index. | ||
| 651 | 0 |
_aGermany _xHistory _y1789-1900. _962646 |
|
| 651 | 0 |
_aGermany _xHistory _y20th century. _962647 |
|
| 942 |
_2ddc _cBK |
||
| 999 |
_c20322 _d20322 |
||